[Event "Dvorkovich Memorial op"]
[Site "Taganrog"]
[Date "2019.01.14"]
[Round "5"]
[White "Bashev, Fyodor"]
[Black "Dida, Igor"]
[Result "1-0"]
[WhiteElo "1664"]
[BlackElo "1850"]
[PlyCount "85"]
[EventDate "2019.01.10"]
[EventType "swiss"]
[EventRounds "9"]
[EventCountry "RUS"]
[SourceTitle "CBM 188 Extra"]
[Source "ChessBase"]
[SourceDate "2019.02.26"]
[SourceVersion "1"]
[SourceVersionDate "2019.02.26"]
[SourceQuality "1"]

1. c4 e5 2. Nc3 Nf6 3. e4 Nc6 4. Nge2 Bc5 5. d3 Ng4 6. d4 exd4 7. Nxd4 Nxf2 8. Nxc6 Qh4 9. g3 Nxd1 10. gxh4 Nxc3 11. Nxa7 Nxe4 12. Nb5 Bf2+ 13. Ke2 Bb6 14. Bg2 f5 15. Bxe4 fxe4 16. c5 Ra5 17. cxb6 Rxb5 18. bxc7 Rf8 19. Rf1 Rxf1 20. Kxf1 d5 21. b3 Rc5 22. Bf4 d4 23. Ke1 Rc2 24. Rd1 d3 25. Rd2 Rc5 26. Kf2 Bg4 27. Ke3 Bf3 28. b4 Rc4 29. Rb2 Kd7 30. a4 Bd1 31. a5 Ba4 32. b5 h6 33. a6 bxa6 34. b6 Bc6 35. b7 Bxb7 36. Rxb7 g5 37. hxg5 hxg5 38. Bg3 Rc2 39. Rb8 Re2+ 40. Kd4 Rc2 41. Rd8+ Ke6 42. Kxe4 d2 43. Ke3 1-0

[Event "Dvorkovich Memorial op"]
[Site "Taganrog"]
[Date "2019.01.12"]
[Round "3"]
[White "Tikhokin, Maxim"]
[Black "Dida, Igor"]
[Result "0-1"]
[WhiteElo "1269"]
[BlackElo "1850"]
[PlyCount "88"]
[EventDate "2019.01.10"]
[EventType "swiss"]
[EventRounds "9"]
[EventCountry "RUS"]
[SourceTitle "CBM 188 Extra"]
[Source "ChessBase"]
[SourceDate "2019.02.26"]
[SourceVersion "1"]
[SourceVersionDate "2019.02.26"]
[SourceQuality "1"]

1. d4 Nf6 2. Bg5 d5 3. Nf3 Ne4 4. Bf4 f6 5. Nbd2 g5 6. Bg3 h5 7. h3 Nxg3 8. fxg3 Qd6 9. Kf2 Bf5 10. e3 h4 11. g4 Be4 12. Bd3 Qg3+ 13. Kf1 Bxd3+ 14. cxd3 c6 15. Qe1 Qxe1+ 16. Kxe1 e6 17. e4 Nd7 18. e5 Be7 19. Ke2 0-0 20. Raf1 Kg7 21. Rf2 fxe5 22. dxe5 c5 23. d4 cxd4 24. Nxd4 Rxf2+ 25. Kxf2 Bc5 26. N2b3 Bb6 27. Ke2 Kf7 28. Rf1+ Ke7 29. Nf3 Rf8 30. Nc1 Rf4 31. Nxg5 Rxf1 32. Kxf1 Nxe5 33. Nf3 Ng6 34. Ne2 e5 35. g3 hxg3 36. Nxg3 Ke6 37. Ke2 Nf4+ 38. Kd2 Nxh3 39. Kd3 Nf2+ 40. Kd2 Nxg4 41. Ng5+ Kf6 42. Nh7+ Kg7 43. Ng5 Be3+ 44. Kc2 Bxg5 0-1

[Event "Dvorkovich Memorial rapid op"]
[Site "Taganrog"]
[Date "2018.01.13"]
[Round "1"]
[White "Kabanov, Nikolai"]
[Black "Dida, Igor"]
[Result "1-0"]
[WhiteElo "2478"]
[BlackElo "1859"]
[PlyCount "27"]
[EventDate "2018.01.13"]
[EventType "swiss (rapid)"]
[EventRounds "11"]
[EventCountry "RUS"]
[SourceTitle "CBM 182 Extra"]
[Source "ChessBase"]
[SourceDate "2018.02.23"]
[SourceVersion "1"]
[SourceVersionDate "2018.02.23"]
[SourceQuality "1"]

1. e4 c5 2. Nf3 Nc6 3. Bb5 d6 4. 0-0 e5 5. c3 Bd7 6. d4 cxd4 7. cxd4 f6 8. Nc3 Nce7 9. Bc4 Ng6 10. Qb3 Qb6 11. Bxg8 Rxg8 12. Qxg8 exd4 13. Nd5 Qc5 14. Bd2 1-0

[Event "Dvorkovich Memorial op"]
[Site "Taganrog"]
[Date "2017.01.17"]
[Round "5"]
[White "Chernikov, Anatoly"]
[Black "Dida, Igor"]
[Result "0-1"]
[WhiteElo "1698"]
[BlackElo "1860"]
[PlyCount "110"]
[EventDate "2017.01.13"]
[EventType "swiss"]
[EventRounds "9"]
[EventCountry "RUS"]
[SourceTitle "CBM 176 Extra"]
[Source "ChessBase"]
[SourceDate "2017.03.02"]
[SourceVersion "1"]
[SourceVersionDate "2017.03.02"]
[SourceQuality "1"]

1. d4 Nf6 2. c4 e6 3. Nc3 Bb4 4. Qc2 c5 5. dxc5 Bxc5 6. e3 0-0 7. Be2 Nc6 8. a3 a5 9. Nf3 b6 10. 0-0 Bb7 11. Ne4 Nxe4 12. Qxe4 Qc7 13. Qc2 Ne7 14. Bd2 Ng6 15. Bc3 Bd6 16. Rfd1 Rfc8 17. Qd3 Bf8 18. Qxd7 Qb8 19. Qd4 Qc7 20. Qg4 Rd8 21. h4 Rxd1+ 22. Rxd1 Rd8 23. h5 Rxd1+ 24. Bxd1 Nh8 25. h6 Ng6 26. hxg7 Bxg7 27. Bxg7 Kxg7 28. Nh4 Bc8 29. Nxg6 hxg6 30. Bf3 e5 31. Qg3 Bf5 32. Bd5 Bc2 33. e4 a4 34. Qc3 Bb3 35. Qb4 g5 36. Qb5 g4 37. Qc6 Qxc6 38. Bxc6 Kg6 39. Bd5 f5 40. f3 Kg5 41. Kf2 Bd1 42. exf5 Kxf5 43. Kg3 gxf3 44. gxf3 Bb3 45. Bc6 Ke6 46. Kg4 Kd6 47. Bb5 Kc5 48. Kf5 Kd4 49. Kf6 Bd1 50. Ke6 Bxf3 51. Bxa4 e4 52. Bc6 Bg4+ 53. Kd6 e3 54. b4 e2 55. Bd5 e1Q 0-1

[Event "Dvorkovich Memorial op"]
[Site "Taganrog"]
[Date "2017.01.15"]
[Round "3"]
[White "Dida, Igor"]
[Black "Morozov, Boris Nikolaevich"]
[Result "1-0"]
[WhiteElo "1860"]
[BlackElo "1706"]
[PlyCount "89"]
[EventDate "2017.01.13"]
[EventType "swiss"]
[EventRounds "9"]
[EventCountry "RUS"]
[SourceTitle "CBM 176 Extra"]
[Source "ChessBase"]
[SourceDate "2017.03.02"]
[SourceVersion "1"]
[SourceVersionDate "2017.03.02"]
[SourceQuality "1"]

1. c4 Nc6 2. Nc3 e5 3. g3 Nf6 4. Bg2 g6 5. d3 Bg7 6. e4 d6 7. Nge2 0-0 8. 0-0 Nh5 9. Nd5 Ne7 10. b4 c6 11. Nxe7+ Qxe7 12. Rb1 f5 13. f4 Be6 14. b5 fxe4 15. bxc6 bxc6 16. Bxe4 d5 17. cxd5 Bxd5 18. Qc2 exf4 19. Bxf4 Nxf4 20. Nxf4 Bd4+ 21. Kg2 Bxe4+ 22. dxe4 c5 23. Qc4+ Kh8 24. Qd5 Rfe8 25. Rfe1 Rad8 26. Qc4 Rb8 27. Rxb8 Rxb8 28. Re2 Rb2 29. Rxb2 Bxb2 30. Ne6 Bd4 31. Qd5 h5 32. Nxd4 cxd4 33. Qxd4+ Kh7 34. h4 Qa3 35. Qd7+ Kg8 36. Qd5+ Kg7 37. e5 Qe3 38. Qb5 Qd2+ 39. Kf3 Qxa2 40. Qd3 Qf7+ 41. Ke3 Kh6 42. Qd2 Qb3+ 43. Ke4+ Kg7 44. Qd7+ Qf7 45. e6 1-0

[Event "Dvorkovich Memorial op"]
[Site "Taganrog"]
[Date "2016.01.20"]
[Round "3.22"]
[White "Dida, Igor"]
[Black "Aivazian, Grigory"]
[Result "0-1"]
[WhiteElo "1897"]
[BlackElo "2223"]
[PlyCount "120"]
[EventDate "2016.01.18"]
[EventType "swiss"]
[EventRounds "9"]
[EventCountry "RUS"]
[SourceTitle "EXT 2018"]
[Source "ChessBase"]
[SourceDate "2017.10.13"]
[SourceVersion "1"]
[SourceVersionDate "2017.10.13"]
[SourceQuality "1"]

1. c4 e5 2. g3 Nc6 3. Bg2 h5 4. h4 Bc5 5. Nc3 d6 6. a3 a5 7. e3 Nge7 8. Nge2 Bg4 9. b3 Qd7 10. Bb2 0-0 11. Qc2 Rfe8 12. 0-0-0 Ba7 13. Rde1 Bf5 14. Be4 Bxe4 15. Qxe4 Rad8 16. Nd5 Nxd5 17. cxd5 Ne7 18. Nc3 c6 19. dxc6 bxc6 20. Kb1 Rb8 21. Ka2 Rb7 22. Rb1 Reb8 23. Ba1 Qe6 24. Qc4 d5 25. Qa4 Qf5 26. f4 Qd3 27. Rb2 d4 28. exd4 exd4 29. Nb1 Qxg3 30. Qc4 c5 31. Rf1 Nf5 32. Qd5 g6 33. a4 Rb4 34. Rf3 Qg2 35. d3 Qh1 36. Qe4 Qd1 37. Nd2 Ne3 38. Rf2 Qg4 39. Nf3 Nd1 40. Qe7 R4b7 41. Qe1 Nxb2 42. Ne5 Qe6 43. Rxb2 Rxb3 44. Kb1 Rxb2+ 45. Bxb2 Rb4 46. Qe4 Bb8 47. Nc6 Qxe4 48. dxe4 Rb6 49. Ne7+ Kg7 50. Nd5 Rb3 51. Kc2 Rh3 52. e5 Rxh4 53. Kd3 Rh2 54. Bc1 h4 55. Ke4 h3 56. f5 gxf5+ 57. Kxf5 Rf2+ 58. Kg4 h2 59. Nf4 Rxf4+ 60. Bxf4 h1Q 0-1

[Event "Dvorkovich Memorial op"]
[Site "Taganrog"]
[Date "2015.01.18"]
[Round "1"]
[White "Tunik, Gennady"]
[Black "Dida, Igor"]
[Result "1-0"]
[WhiteElo "2421"]
[BlackElo "1944"]
[PlyCount "81"]
[EventDate "2015.01.18"]
[EventType "swiss"]
[EventRounds "9"]
[EventCountry "RUS"]
[SourceTitle "CBM 164 Extra"]
[Source "ChessBase"]
[SourceDate "2015.03.02"]
[SourceVersion "1"]
[SourceVersionDate "2015.03.02"]
[SourceQuality "1"]

1. d4 Nf6 2. c4 e6 3. Nf3 Bb4+ 4. Bd2 a5 5. g3 0-0 6. Bg2 d5 7. Qc2 b6 8. cxd5 exd5 9. 0-0 Bxd2 10. Nbxd2 Na6 11. a3 Bb7 12. Rfd1 c6 13. Ne5 Rc8 14. Rac1 Qd6 15. Nd3 Rfe8 16. e3 Nb8 17. Nf4 Nbd7 18. Qc3 a4 19. Qc2 b5 20. Nd3 Ba8 21. Bh3 Rc7 22. Qc3 Nb6 23. Qc5 Qxc5 24. Rxc5 Ne4 25. Nxe4 dxe4 26. Nb4 Rd8 27. Rdc1 g6 28. Bf1 Nd7 29. Rxb5 Rdc8 30. Ra5 c5 31. Na6 Ra7 32. Rxa4 Bc6 33. Ra5 Bb7 34. b4 Rca8 35. Nxc5 Nxc5 36. Rcxc5 Rxa5 37. Rxa5 Rxa5 38. bxa5 Kf8 39. a6 Ba8 40. Bh3 Ke7 41. Bc8 1-0

[Event "Dvorkovich Memorial op-B 9th"]
[Site "Taganrog"]
[Date "2014.08.07"]
[Round "6"]
[White "Dida, Igor"]
[Black "Gozdeev, V."]
[Result "1-0"]
[WhiteElo "1932"]
[BlackElo "2143"]
[PlyCount "105"]
[EventDate "2014.08.02"]
[EventType "swiss"]
[EventRounds "9"]
[EventCountry "RUS"]
[SourceTitle "CBM 162 Extra"]
[Source "ChessBase"]
[SourceDate "2014.10.17"]
[SourceVersion "1"]
[SourceVersionDate "2014.10.17"]
[SourceQuality "1"]

1. c4 Nf6 2. Nc3 c5 3. g3 g6 4. Bg2 Bg7 5. e4 d6 6. Nge2 0-0 7. 0-0 Nc6 8. d3 Bd7 9. a3 Qc8 10. Re1 a6 11. Nf4 e6 12. h4 Nd4 13. Be3 b5 14. cxb5 axb5 15. Rc1 Qa6 16. Bxd4 cxd4 17. Na2 e5 18. Nb4 Qa5 19. Nfd5 Nxd5 20. Nxd5 Ra7 21. Re2 Bg4 22. f3 Be6 23. Nb4 Rc7 24. Rxc7 Qxc7 25. Rc2 Qb7 26. Qc1 Rc8 27. Rxc8+ Qxc8 28. Qxc8+ Bxc8 29. Kh2 Bh6 30. Nd5 Bb7 31. Nc7 Bc6 32. b3 Bc1 33. a4 bxa4 34. bxa4 Bxa4 35. Nd5 Bd1 36. Nf6+ Kf8 37. Kg1 Be2 38. Nd5 Bxd3 39. Bf1 Bc2 40. Nb4 Bb3 41. Bd3 h5 42. Kf2 Bd2 43. Nd5 Ba4 44. Ke2 Ba5 45. g4 Bd8 46. g5 Ke8 47. f4 exf4 48. Nxf4 Bb3 49. Bb5+ Ke7 50. Kd3 Ba5 51. Kxd4 Be1 52. Ng2 Be6 53. Nxe1 1-0

[Event "Dvorkovich Memorial op"]
[Site "Taganrog"]
[Date "2014.01.22"]
[Round "5"]
[White "Pligin, Genadiy M"]
[Black "Dida, Igor"]
[Result "0-1"]
[WhiteElo "1928"]
[BlackElo "1956"]
[PlyCount "85"]
[EventDate "2014.01.18"]
[EventType "swiss"]
[EventRounds "9"]
[EventCountry "RUS"]
[SourceTitle "CBM 158 Extra"]
[Source "ChessBase"]
[SourceDate "2014.02.28"]
[SourceVersion "1"]
[SourceVersionDate "2014.02.28"]
[SourceQuality "1"]

1. e4 g6 2. Bc4 c5 3. Nf3 Bg7 4. 0-0 Nc6 5. c3 e6 6. Re1 Nge7 7. d4 d5 8. exd5 exd5 9. Bb5 c4 10. b3 cxb3 11. axb3 0-0 12. Bg5 f6 13. Bc1 Re8 14. Ra2 Bg4 15. h3 Bd7 16. Rae2 Nf5 17. Rxe8+ Bxe8 18. Bd3 Nd6 19. Ba3 Bf7 20. Nbd2 h6 21. Nf1 f5 22. Ne5 Nxe5 23. dxe5 Ne4 24. Bxe4 dxe4 25. Bd6 Qa5 26. b4 Qa3 27. Qd4 Rc8 28. Ne3 Qxc3 29. Qxc3 Rxc3 30. Ra1 a6 31. b5 f4 32. bxa6 bxa6 33. Ng4 Bc4 34. Rb1 Bb5 35. Nf6+ Bxf6 36. exf6 g5 37. g3 e3 38. gxf4 Rd3 39. Bb4 e2 40. Kg2 Rd8 41. Kf3 gxf4 42. Kxf4 Kf7 43. Rc1 0-1

[Event "Dvorkovich Memorial op"]
[Site "Taganrog"]
[Date "2014.01.21"]
[Round "4"]
[White "Dida, Igor"]
[Black "Yakimenko, Viktoria"]
[Result "0-1"]
[WhiteElo "1956"]
[BlackElo "1935"]
[PlyCount "106"]
[EventDate "2014.01.18"]
[EventType "swiss"]
[EventRounds "9"]
[EventCountry "RUS"]
[SourceTitle "CBM 158 Extra"]
[Source "ChessBase"]
[SourceDate "2014.02.28"]
[SourceVersion "1"]
[SourceVersionDate "2014.02.28"]
[SourceQuality "1"]

1. c4 Nf6 2. g3 g6 3. Bg2 Bg7 4. d4 d5 5. cxd5 Nxd5 6. e4 Nb6 7. Ne2 0-0 8. 0-0 e5 9. d5 Nc4 10. b3 Nd6 11. Nbc3 f5 12. f3 Nd7 13. Be3 Nf6 14. Qd2 Nf7 15. Rac1 fxe4 16. fxe4 Ng4 17. Rc2 Nxe3 18. Qxe3 Bh6 19. Qc5 Qd6 20. Nd1 Bg4 21. Rf2 Qxc5 22. Rxc5 Rac8 23. h3 Bd7 24. Kh2 c6 25. Rc3 b5 26. dxc6 Bxc6 27. Rf6 Bb7 28. Re6 Rce8 29. Rxe8 Rxe8 30. Rc7 Nd6 31. Nec3 a6 32. Rd7 Re6 33. Bf3 Rf6 34. Kg2 b4 35. Nd5 Bxd5 36. exd5 e4 37. Be2 Nb5 38. Bc4 Na3 39. Re7 e3 40. Nxe3 Bxe3 41. Rxe3 Kf7 42. Bd3 Rd6 43. Be4 Nb5 44. Re2 Nc3 45. Rf2+ Ke7 46. Bd3 Nxd5 47. Bc4 Ne3+ 48. Kh2 Nxc4 49. bxc4 Rd4 50. Rc2 Kd6 51. c5+ Kc6 52. Kg2 Rd3 53. h4 Rc3 0-1

[Event "Dvorkovich Memorial op"]
[Site "Taganrog"]
[Date "2013.01.15"]
[Round "3"]
[White "Martynov, Roman"]
[Black "Dida, Igor"]
[Result "1-0"]
[WhiteElo "2279"]
[BlackElo "1947"]
[PlyCount "72"]
[EventDate "2013.01.15"]
[EventType "swiss"]
[EventRounds "9"]
[EventCountry "RUS"]
[SourceTitle "CBM 152 Extra"]
[Source "ChessBase"]
[SourceDate "2013.02.25"]
[SourceVersion "1"]
[SourceVersionDate "2013.02.25"]
[SourceQuality "1"]

1. Nf3 f5 2. d4 Nf6 3. g3 e6 4. Bg2 Be7 5. 0-0 0-0 6. c4 d5 7. Nbd2 c5 8. cxd5 exd5 9. dxc5 Bxc5 10. Nb3 Bb6 11. Qd3 Nc6 12. Be3 Nb4 13. Bxb6 Qxb6 14. Qd4 Qb5 15. Qd1 Nc6 16. Rc1 Re8 17. e3 Ne7 18. Qd4 Bd7 19. Rc5 Qa6 20. Ra5 Qc4 21. Rc1 Qxd4 22. Nbxd4 Nc6 23. Nxc6 bxc6 24. Nd4 Rec8 25. Bf1 Rab8 26. b3 Ra8 27. Ba6 Rcb8 28. Nxc6 Rb6 29. Nd4 Ne4 30. Rc7 Be6 31. Nxe6 Rxe6 32. Bb7 Nf6 33. Bxa8 d4 34. Raxa7 Re8 35. Rxg7+ Kh8 36. exd4 Rxa8 1-0

[Event "Dvorkovich Memorial op 6th"]
[Site "Taganrog"]
[Date "2011.08.08"]
[Round "8"]
[White "Dida, Igor"]
[Black "Chernov, Alexander"]
[Result "1-0"]
[WhiteElo "1865"]
[BlackElo "2195"]
[PlyCount "79"]
[EventDate "2011.08.01"]
[EventType "swiss"]
[EventRounds "9"]
[EventCountry "RUS"]
[SourceTitle "CBM 144 Extra"]
[Source "ChessBase"]
[SourceDate "2011.10.28"]
[SourceVersion "1"]
[SourceVersionDate "2011.10.28"]
[SourceQuality "1"]

1. c4 g6 2. d4 Nf6 3. Nc3 Bg7 4. g3 0-0 5. Bg2 d6 6. e4 Nbd7 7. f4 e5 8. fxe5 dxe5 9. d5 a5 10. Nf3 Nc5 11. Qc2 Ne8 12. Bg5 f6 13. Be3 b6 14. 0-0 Na6 15. a3 Nd6 16. b3 f5 17. Bg5 Qe8 18. exf5 gxf5 19. Rae1 Nc5 20. b4 axb4 21. axb4 Nce4 22. Nxe4 Nxe4 23. Bc1 Qa4 24. Qb2 Re8 25. Nh4 Nd6 26. c5 bxc5 27. bxc5 e4 28. Qf2 e3 29. Rxe3 Rxe3 30. Bxe3 Ne4 31. Qf4 Ba6 32. Nxf5 Bxf1 33. Qxc7 Qa1 34. Bxf1 Be5 35. Qe7 h5 36. Nh6+ Kh8 37. Nf7+ Kg8 38. Nxe5 Rf8 39. Qe6+ Kh7 40. Qg6+ 1-0

[Event "Dvorkovich Memorial op 6th"]
[Site "Taganrog"]
[Date "2011.08.04"]
[Round "4"]
[White "Serdyuk, G."]
[Black "Dida, Igor"]
[Result "0-1"]
[WhiteElo "2047"]
[BlackElo "1865"]
[PlyCount "144"]
[EventDate "2011.08.01"]
[EventType "swiss"]
[EventRounds "9"]
[EventCountry "RUS"]
[SourceTitle "CBM 144 Extra"]
[Source "ChessBase"]
[SourceDate "2011.10.28"]
[SourceVersion "1"]
[SourceVersionDate "2011.10.28"]
[SourceQuality "1"]

1. c4 c5 2. Nc3 Nc6 3. g3 g6 4. Bg2 Bg7 5. e3 e5 6. Nge2 Nge7 7. 0-0 0-0 8. b3 d6 9. Bb2 Be6 10. d3 Qd7 11. Qd2 Bh3 12. f4 Bxg2 13. Kxg2 f5 14. Rf2 d5 15. cxd5 Nxd5 16. Rd1 Rad8 17. h3 exf4 18. Nxf4 Nxf4+ 19. gxf4 Nb4 20. Qe2 Rfe8 21. Kh2 Bd4 22. Rf3 Qg7 23. Na4 b5 24. Bxd4 cxd4 25. Nb2 Nxa2 26. Re1 Nc3 27. Qf2 Nd5 28. e4 fxe4 29. dxe4 Nc3 30. e5 Qb7 31. Nd3 Qd5 32. b4 Ne4 33. Qg2 Nd2 34. Rf2 Qxg2+ 35. Kxg2 Nc4 36. Ra2 Re7 37. Rea1 Rdd7 38. Kf3 Nb6 39. Nc5 Rd8 40. Rxa7 Rxa7 41. Rxa7 d3 42. Ra1 d2 43. Ke2 Nd5 44. Nd3 Kg7 45. Rf1 Kh6 46. Rf3 Nxb4 47. Kxd2 Rd4 48. Kc3 Rc4+ 49. Kd2 Nd5 50. f5 gxf5 51. Rxf5 Kg6 52. Rf8 Rd4 53. Ke2 Re4+ 54. Kd2 Kg5 55. Rd8 Rd4 56. Rg8+ Kf5 57. Ke2 b4 58. Rg1 b3 59. Rg8 Nc3+ 60. Ke3 Rxd3+ 61. Kxd3 b2 62. Kxc3 b1Q 63. Rg4 Qe1+ 64. Kd3 Qf1+ 65. Kd4 Qxh3 66. Re4 Ke6 67. Re3 Qf5 68. Re4 h5 69. Ke3 Qh3+ 70. Kf2 h4 71. Re3 Qh2+ 72. Kf1 h3 0-1